000 01213nam a22003257a 4500
999 _c21281
_d21281
003 OSt
005 20210604112629.0
008 170126b xxu||||| |||| 00| 0 eng d
020 _a0023277300
040 _aMMU
_beng
_cMMU
_dMMU
050 0 0 _aGV443
_b.D95
100 _aDauer ,P Victor
245 0 0 _aDynamic physical education for elementary school children /
_cVictor P Dauer
250 _a9th ed.
260 _aNew York. :
_bMacmillan .
_c1989.
300 _a694 . :
_bill. ;
_c29 cm.
362 1 _aBegan with 3rd ed. in 1968.
500 _aIncludes index.
588 _aDescription based on: 6th ed., copyright 1979.
588 _aLatest issue consulted: 12th ed., published in 1997 (surrogate).
590 _aSERBIB/SERLOC merged record
650 0 _aPhysical education for children
_zUnited States.
650 0 _aPhysical education for children
_xCurricula
_zUnited States.
650 0 _aPhysical education for children
_xStudy and teaching
_zUnited States.
650 0 _aChild development
_zUnited States.
700 1 _aDauer, Victor Paul,
_d1909-2000.
700 1 _aPangrazi, Robert P.
780 0 0 _tFitness for elementary school children through physical education
942 _2lcc
_cLOAN LOAN